000 00648nam a2200229Ia 4500
003 OSt
005 20220918181535.0
006 a|||||r|||| 00| 0
007 ta
008 220917b |||||||| |||| 00| 0 eng d
024 _a27,548
037 _cTextual
040 _aARTS
_cARTS
_beng
041 _2eng
_aeng
082 _aO111,1M74:g(S), M8
100 _aHolland Norman N
_958776
245 0 _aBrain of richard frost
_b a congitive approach to literature
260 _aN.Y
_bRoutledge
_c1988
650 _aENGLISH LITERATURE
942 _hO111,1M74:g(S), M8
_cTEXL
_2CC
999 _c165989
_d165989